000 00379nam a2200157Ia 4500
008 131103s9999 xx 000 0 und d
040 _aLoreto College
041 _aEnglish
082 _aREF/L
_bLCBED/8113
245 _aLove is oh, so many things
260 _aU.S.A.
_bIdeals
_c[19?]
300 _a34p.
_b ill.
_c 22cm.
650 _aREF
850 _aLCBED/REF
942 _cBK
999 _c34094
_d84573